000 00712nam a2200241Ia 4500
005 20260430150657.0
008 008 250103s9999 xx 000 0 eng d
037 _aTheses
040 _aCRL
040 _beng
040 _ceng
041 _2eng
041 _aeng
084 _qCRL
100 _aBajaj Chandni Au.; Upadhyay Dharmendra Kumar Gu.; Kanaujia Binod Kumar Gu.
_91238181
245 0 _aDesign and Analysis of Resonant Antennas for RFID Applications
260 _c2024
300 _a178p.
650 _aElectronic Science
700 _aUniversity of Delhi. Faculty of Technology. Deptt. of Electronics and Communication Engineering
_91238182
942 _cTH
999 _c1850364
_d1850364